| 000 | 00710nam a22001817a 4500 | ||
|---|---|---|---|
| 999 |
_c63985 _d63985 |
||
| 003 | Ge_BSU | ||
| 005 | 20260304121256.0 | ||
| 008 | 260304s2005 enk||||| |||| 00| 0 eng d | ||
| 020 | _a9781403949448x | ||
| 041 | _aeng | ||
| 080 | _a396 :316.346.2 : 330.34 (520) G-36 | ||
| 245 |
_aGender and Development : _bThe Japanese Experience in Comparative Perspective / _cEdited by M. Murayama. |
||
| 264 |
_aNew York : _b Palgrave Macmillan, _c2005. |
||
| 300 |
_a266 p.; _b22 cm. |
||
| 653 | _aგენდერი და განვითარება: იაპონური გამოცდილება | ||
| 700 |
_aMurayama, M. _eრედაქტორი _927042 |
||
| 942 |
_2udc _cᲬᲘᲒᲜᲘ |
||